Вып. 39; Энергетическое машиностроение

Библиографические подробности
Источник:Энергетическое машиностроение: республиканский межведомственный научно-технический сборник/ Харьковский политехнический институт (ХПИ). Вып. 39.— , 1966-1990
Другие авторы: Капинос В. М. Владимир Максимович (редактор)
Язык:русский
Опубликовано: 1985
Предметы:
Формат: Книга
Запись в KOHA:https://koha.lib.tpu.ru/cgi-bin/koha/opac-detail.pl?biblionumber=285210

MARC

LEADER 00000nam2a2200000 4500
001 285210
005 20231101235755.0
035 |a (RuTPU)RU\TPU\book\309439 
035 |a RU\TPU\book\308850 
090 |a 285210 
100 |a 20150221d1985 k y0rusy5003 ca 
101 0 |a rus 
102 |a UA 
105 |a a z 001zy 
200 0 |a Вып. 39  |f отв. ред. В. М. Капинос 
210 |d 1985 
215 |a 107 с.  |c ил. 
320 |a Библиография в конце статей 
461 1 |0 (RuTPU)RU\TPU\book\226722  |t Энергетическое машиностроение  |o республиканский межведомственный научно-технический сборник  |f Харьковский политехнический институт (ХПИ)  |v Вып. 39  |d 1966-1990 
606 1 |a Энергомашиностроение  |2 stltpush  |3 (RuTPU)RU\TPU\subj\21347  |9 46362 
610 1 |a энергетическое машиностроение 
610 1 |a экспериментальные исследования 
610 1 |a теоретические исследования 
610 1 |a аэродинамика 
610 1 |a теплообмен 
610 1 |a турбомашины 
610 1 |a течения 
675 |a 620.9.002  |z rus  |v 4 
702 1 |a Капинос  |b В. М.  |g Владимир Максимович  |4 340 
801 0 |a RU  |b 63413507  |c 19950417  |g psbo 
801 1 |a RU  |b 63413507  |c 20120126 
801 2 |a RU  |b 63413507  |c 20180221  |g RCR 
942 |c BK